[Event "SRB-ch Women Semifinal 2019"]
[Site "Kragujevac"]
[Date "2019.03.10"]
[Round "5.1"]
[White "Blagojevic, Tijana"]
[Black "Nestorovic, Katarina"]
[Result "1-0"]
[WhiteElo "2206"]
[BlackElo "2040"]
[Annotator "TA"]
[PlyCount "141"]
[EventDate "2019.03.08"]
[EventType "swiss"]
[EventCountry "SRB"]
[SourceTitle "playchess.com"]
[Source "ChessBase"]
[SourceQuality "1"]

{[%evp 9,141,0,0,0,12,0,0,0,4,0,0,0,26,34,25,37,52,54,90,16,25,-10,33,-11,14,8,29,11,45,39,89,79,84,86,82,69,83,74,108,107,160,154,156,158,145,166,191,191,251,240,254,166,181,93,97,54,57,51,139,141,129,131,142,132,141,138,176,178,172,174,174,173,227,221,262,257,285,253,245,170,170,170,163,163,163,163,1349,837,289,91,2861,2293,1938,289,12618,12618,29967,289,263,263,29969,29970,29970,29970,29963,29963,29962,29963,29960,29962,29960,29962,29962,29955,29966,29968,29964,29966,29969,29957,29971,29972,29972,29973,29975,29976,29975,29976,29976,29977,29976,29977,6070,1270]} 1. e4 c5 2. Nf3 e6 3. c4 Nc6 4. d4 cxd4 5. Nxd4 Bc5 6. Nb3 {B44: Sicilian: Taimanov: 5 Nb5} (6. Nc2 Nf6 7. Nc3 O-O 8. Be3 b6 9. Be2 Bb7 10. O-O Qe7 11. Qd2 Rfd8 12. Rfd1 Ne5 13. Bxc5 bxc5 {1-0 (51) Carlsen,M (2835)-Caruana,F (2832) London 2018}) 6... Bb4+ 7. Nc3 Nf6 8. Bd3 {The position is equal.} O-O 9. O-O Bxc3 10. bxc3 d5 11. cxd5 exd5 12. exd5 Nxd5 $146 ({Predecessor:} 12... Qxd5 13. c4 Qh5 14. Qxh5 Nxh5 {1-0 (68) Ripp,D-Filovic,S Karlsruhe 2003}) 13. Re1 Re8 {[#]} 14. Rxe8+ ({White should try} 14. Bg5 $1 $16 {[%cal Rg5d8][%mdl 512]} Nde7 (14... Qxg5 15. Rxe8#) 15. Qc2) 14... Qxe8 $11 15. Ba3 Nf4 16. Qe1 {[%cal Re1e8]} Be6 17. Bf1 b6 18. Qe4 $40 {[%mdl 128] White attacks.} Nd5 19. c4 f5 20. Qh4 Nf6 21. Bb2 Qf7 22. Re1 Kh8 23. Nd2 Rf8 24. Nf3 {Ng5 is the strong threat.} Ne4 (24... Qd7 $142) 25. Ng5 $1 $16 Nxg5 26. Qxg5 Re8 27. h4 Qg6 28. Qf4 Bd7 (28... Bf7 {is a better defense.} 29. Rxe8+ Bxe8) 29. Rd1 $1 $18 {[%cal Rd1d7]} Re4 30. Qc7 Be8 31. Rd6 (31. f3 $18 Re7 32. Qf4) 31... Re7 $16 32. Qxe7 Nxe7 33. Rxg6 Nxg6 {[%mdl 4096] Endgame KBB-KBN} ({Black should play} 33... Bxg6 $14 34. c5 bxc5) 34. h5 $1 {[%cal Rh5g6]} Nf8 35. h6 $1 {[%cal Rh6g7]} Ne6 36. Bd3 Bg6 37. Be5 f4 38. Be2 Kg8 {[#]} 39. hxg7 $1 Bf7 40. a3 Nxg7 (40... Be8 $142 41. Bb8 a6) 41. Bb8 $18 Nf5 42. Bxa7 ({Resist} 42. Bxf4 $6 Nd4 $16) 42... Nd6 43. Bxb6 Nxc4 44. Bxc4 Bxc4 {[#] KB-KB} 45. f3 $1 Bb5 46. Bc7 Kf7 47. Bxf4 h5 $2 (47... Ke6 48. Kf2 h5) 48. Kf2 Ke6 49. Ke3 $2 (49. Bg5 $18 {has better winning chances.}) 49... Kf5 $2 {[%mdl 8192]} (49... h4 $16) 50. Bc7 Ke6 51. Bd8 Kd7 $2 (51... Kd5 52. Kf4 Bf1) 52. Bh4 Kc6 53. Kf4 $2 (53. f4 {mates} Kd5 54. g3 Ba4 55. f5 Ke5 56. f6 Ke6 57. Kf4 Bd1 58. Kg5) 53... Kc5 54. Ke5 Kc6 $2 (54... Bc6 $18 55. Bf2+ Kb5 56. a4+ Ka6) 55. f4 Kd7 56. g3 Ke8 57. Kd6 Bd7 58. Kc5 Ba4 59. Kb4 Bc2 60. a4 {[%cal Ba3a4,Ba4a5][%mdl 32]} Kd7 61. a5 Bd3 62. Kc5 Kc7 63. Bf6 Be4 64. Be5+ Kb7 65. Kd6 Bf5 66. Bc3 Bc8 67. Ke5 Kc6 68. f5 Kd7 69. f6 Ke8 70. Kf4 Kf7 71. Ke4 {Accuracy: White = 70%, Black = 27%.} (71. Kg5 $142 h4 72. gxh4) 1-0

[Event "SRB-ch Women Semifinal 2019"]
[Site "Kragujevac"]
[Date "2019.03.10"]
[Round "5.2"]
[White "Benderac, Ana"]
[Black "Grozdanovic, Anastasia"]
[Result "1-0"]
[WhiteElo "2204"]
[BlackElo "1635"]
[Annotator "TA"]
[PlyCount "55"]
[EventDate "2019.03.08"]
[EventType "swiss"]
[EventCountry "SRB"]
[SourceTitle "playchess.com"]
[Source "ChessBase"]
[SourceQuality "1"]

{[%evp 9,55,-2,2,-2,15,12,23,10,21,8,10,11,20,18,19,0,30,0,63,33,48,35,74,39,80,93,70,79,443,442,496,482,584,565,757,764,940,687,920,668,913,880,29989,29990,29990,2096,29991,1220]} 1. d4 d5 2. Nf3 c6 3. e3 Nf6 4. c4 a6 5. cxd5 (5. Bd3 Bg4 6. Nbd2 e6 7. h3 Bh5 8. Qc2 dxc4 9. Nxc4 Bxf3 10. gxf3 c5 11. dxc5 Bxc5 12. a3 Nc6 13. b4 Be7 {0-1 (36) Nakamura,H (2786)-Carlsen,M (2832) chess.com INT 2018}) 5... cxd5 6. Bd3 {D11: Slav Defence: 3 Nf3 sidelines and 3...Nf6 4 e3 Bg4} e6 7. O-O Bd6 8. Nc3 {[%cal Bb1c3,Bc3e4,Be4c5][%mdl 32] White has an edge.} O-O 9. Qe2 Nbd7 10. e4 dxe4 11. Nxe4 Be7 12. Bf4 $146 ({Predecessor:} 12. Bg5 Nd5 13. Rac1 Bxg5 14. Nexg5 N7f6 15. Ne5 Bd7 16. Qf3 h6 17. Ne4 Bb5 18. Nc5 Bxd3 19. Qxd3 {½-½ (18) Rowson,J (2490)-Kiriakov,P (2554) Port Erin 1999}) 12... Nd5 13. Bg3 N7b6 (13... N7f6 $11) 14. Nc5 Bd6 15. Ne5 Nf6 16. Rad1 Qe7 17. Bh4 $36 {[%mdl 2048] Black is under strong pressure.} Nbd5 18. Ne4 h6 $2 {[%mdl 8192] [#]} (18... Qd8 $16 {is more resistant.}) 19. Ng4 $18 Rd8 20. Nexf6+ Nxf6 21. Qf3 Qc7 22. Nxf6+ gxf6 23. Bxf6 Bxh2+ 24. Kh1 Rd5 25. Qg4+ Kf8 26. Qg7+ Ke8 27. Qg8+ Kd7 28. Qxf7+ {Accuracy: White = 65%, Black = 30%.} (28. Rc1 $142 Qc5 29. Qd8+ Kc6 30. Rxc5+ Rxc5 31. Be4+ Kb5 32. dxc5 Bc7 33. Qxc7 {[%mdl 64] Double Attack} e5 34. Qb6+ Kc4 35. Bxe5 {[%mdl 64] Discovered Attack} h5 36. Rc1#) 1-0

[Event "SRB-ch Women Semifinal 2019"]
[Site "Kragujevac"]
[Date "2019.03.10"]
[Round "5.3"]
[White "Vujcic, Milena"]
[Black "Drljevic, Ljilja"]
[Result "0-1"]
[WhiteElo "1958"]
[BlackElo "2188"]
[Annotator "TA"]
[PlyCount "72"]
[EventDate "2019.03.08"]
[EventType "swiss"]
[EventCountry "SRB"]
[SourceTitle "playchess.com"]
[Source "ChessBase"]
[SourceQuality "1"]

{[%evp 11,72,40,71,48,53,0,34,-3,30,12,54,25,174,80,57,51,66,62,130,128,131,127,156,139,141,94,102,25,32,0,26,18,22,17,26,19,56,25,15,10,19,4,10,8,7,0,17,9,40,11,83,46,131,-103,-114,-224,-208,-498,-522,-768,-764,-741,-745]} 1. e4 g6 2. d4 Bg7 3. Nc3 d6 4. Be3 c6 5. Qd2 Nf6 6. Bh6 O-O 7. Bxg7 {B07: Pirc Defence: Miscellaneous Systems} (7. O-O-O b5 8. Bxg7 Kxg7 9. e5 dxe5 10. dxe5 Qxd2+ 11. Rxd2 Ng4 12. f4 Na6 13. Nf3 Ne3 14. Bd3 Nc5 15. g3 Rd8 16. Re1 Nxd3+ 17. Rxd3 Rxd3 18. cxd3 {0-1 (52) Muzychuk,M (2544)-Tan,Z (2517) Huaian 2017}) 7... Kxg7 8. a4 (8. Be2 $14) 8... Qa5 9. Nf3 $146 {White is slightly better.} ({Predecessor:} 9. Bd3 Be6 10. Nge2 Nbd7 11. O-O Rad8 12. b4 Qh5 13. Nd1 Nb6 14. Ne3 Ng4 15. Nxg4 Bxg4 {0-1 (40) Steyer,B (2165)-Baulig,B (2158) Germany 2005}) 9... Na6 10. Be2 c5 11. e5 Ng4 (11... dxe5 $11 12. dxe5 Ng8) 12. exd6 (12. h3 $18 {and White stays clearly on top.} Nh6 13. exd6) 12... exd6 $16 13. O-O Nc7 14. Qf4 Qb6 (14... Rd8 $14) 15. a5 Qc6 ({But not} 15... Qxb2 $2 16. Qd2 $18) 16. Rfd1 h5 17. d5 Qd7 18. Ne4 {Hoping for h3.} Ne8 19. Nh4 ({White should play} 19. Neg5 $16) 19... Qe7 $11 20. Nf3 Bf5 21. Ng3 Bxc2 22. Rd2 Bb3 23. Ra3 c4 $1 24. Bxc4 (24. Rd4 {looks sharper.} Rc8 25. h3 Ngf6 26. Qg5 Kg8 27. Re4) 24... Bxc4 25. Qxc4 Ne5 26. Qd4 Nf6 27. Re2 {[%cal Rf3e5]} Rfe8 28. Rae3 {[%cal Rf3e5]} Nfg4 29. Rc3 Qf6 {aiming for ...Nxf3+.} 30. Qd2 {Black must now prevent h3.} Qd8 (30... Nxf3+ $11 {remains equal.} 31. gxf3 Rxe2 32. Qxe2 Nh6) 31. h3 Nf6 {[#]} (31... Nxf3+ $1 $14 32. Rxf3 Rxe2 33. Nxe2 Ne5) 32. Qg5 $2 (32. Nd4 $1 $16 {keeps the pressure on.} Kh7 33. b4) 32... Nxd5 $17 33. Nf5+ (33. Nxh5+ $17 Kg8 34. Qxd8 Rexd8 35. Rb3 gxh5 36. Nxe5) 33... Kg8 $19 {Threatens to win with ...Nxf3+.} 34. Qh6 $2 (34. Nh6+ Kf8 35. Rb3 Qxg5 36. Nxg5) 34... Qf6 {Black is clearly winning.} ({Weaker is} 34... gxf5 35. Ng5 $19) 35. Nxe5 Nxc3 36. bxc3 Qxf5 {[%mdl 64] Pin. Accuracy: White = 22%, Black = 33%.} 0-1

[Event "SRB-ch Women Semifinal 2019"]
[Site "Kragujevac"]
[Date "2019.03.10"]
[Round "5.4"]
[White "Eric, Jovana"]
[Black "Bojicic, Andjela"]
[Result "1-0"]
[WhiteElo "2205"]
[BlackElo "2168"]
[Annotator "TA"]
[PlyCount "69"]
[EventDate "2019.03.08"]
[EventType "swiss"]
[EventCountry "SRB"]
[SourceTitle "playchess.com"]
[Source "ChessBase"]
[SourceQuality "1"]

{[%evp 9,69,7,6,-7,-8,-29,28,27,23,18,6,17,36,14,20,-27,0,-30,-24,-22,-10,-30,35,45,87,65,62,53,66,69,81,81,102,95,112,115,105,75,192,90,218,156,156,156,156,162,164,164,164,164,408,409,397,397,455,450,460,448,468,473,441,373]} 1. e4 c5 2. Nc3 d6 3. f4 Nc6 4. Nf3 g6 5. Bb5 Bd7 6. Bc4 {B23: Closed Sicilian: Lines without g3} Bg7 7. O-O Nf6 (7... e6 $142) 8. e5 $11 {White has an edge.} Nh5 9. exd6 $146 ({Predecessor:} 9. Ng5 e6 10. d4 O-O 11. d5 Na5 12. Be2 exd5 13. Nxd5 dxe5 14. Bxh5 {1-0 (25) Karjakin,S (2763)-Nielsen,P (2693) Beijing 2011}) 9... O-O 10. dxe7 Qxe7 11. d3 Bg4 12. Nd5 Qd6 13. c3 (13. Ne3 $5 {[%cal Re3g4]} Qxf4 14. c3 $11) 13... Be6 14. Ne3 $1 Nxf4 15. Ng5 Nh5 (15... Bxc4 $11 16. Nxc4 Qxd3 17. Bxf4 Qxc4) 16. Ne4 Qe7 17. Nd5 $36 {[%mdl 2048] White has good play.} Bxd5 $1 18. Bxd5 {g4 is the strong threat.} Ne5 19. Be3 Rac8 {[#]} 20. c4 $1 Nd7 21. Qf3 Ne5 22. Qe2 {Strongly threatening g4.} Nd7 23. Rae1 {Black must now prevent g4.} Qe5 (23... Nb6 $16 {was called for.}) 24. Qf2 (24. Bd2 $18) 24... Ndf6 (24... Nhf6 $16) 25. Nxf6+ ({Weaker is} 25. Bxb7 Ng4 $11) 25... Qxf6 26. Bxc5 {[#] Hoping for Qe3.} Qxf2+ 27. Bxf2 Nf4 28. Bxb7 Rb8 29. Re7 Nxd3 $2 (29... Bf6 30. Rc7 Be5) 30. Bxa7 $18 Rbd8 31. b3 Nb4 32. a3 {White is clearly winning.} Nc2 33. Bd5 Nxa3 34. Bc5 Nc2 35. Re4 {Accuracy: White = 52%, Black = 35%.} 1-0

[Event "SRB-ch Women Semifinal 2019"]
[Site "Kragujevac"]
[Date "2019.03.11"]
[Round "6.1"]
[White "Drljevic, Ljilja"]
[Black "Eric, Jovana"]
[Result "0-1"]
[WhiteElo "2188"]
[BlackElo "2205"]
[Annotator "TA"]
[PlyCount "118"]
[EventDate "2019.03.08"]
[EventType "swiss"]
[EventCountry "SRB"]
[SourceTitle "playchess.com"]
[Source "ChessBase"]
[SourceQuality "1"]

{[%evp 9,118,21,22,22,34,11,9,10,12,0,0,0,4,-6,8,7,15,12,22,21,16,16,29,28,22,22,29,17,23,-9,-18,-10,9,16,29,15,62,-11,-16,-43,-34,-147,-144,-144,-142,-127,0,-141,-141,-583,-352,-304,-128,-206,-209,-239,-238,-264,-253,-253,-179,-194,-160,-176,-72,-250,-229,-242,-254,-237,-160,-167,-152,-158,-60,-72,-55,-69,-46,-52,-43,-39,-44,-73,-77,-72,-69,-69,-64,-89,-103,-128,-133,-948,-716,-703,-684,-29982,-1681,-1502,-1375,-29977,-29978,-29978,-29979,-29977,-29979,-29995,-8107,-6175,-6087]} 1. g3 f5 2. Bg2 Nf6 3. c4 e6 4. e3 (4. Nc3 d5 5. Nf3 d4 6. Nb5 c5 7. O-O a6 8. Na3 Nc6 9. d3 Be7 10. e3 dxe3 11. Bxe3 e5 12. Nc2 O-O {0-1 (36) Howell,D (2644)-Agdestein,S (2602) Doha 2016}) 4... d5 5. Nf3 c6 6. O-O {A10: English Opening: Unusual Replies for Black} Bd6 7. b3 e5 $146 ({Predecessor:} 7... O-O 8. Ba3 Bxa3 9. Nxa3 Nbd7 10. d4 Ne4 11. Nc2 g5 12. Nfe1 Ndf6 13. f3 Nd6 14. c5 Nf7 15. Qe2 f4 16. exf4 gxf4 17. Nd3 fxg3 18. hxg3 Kh8 19. Nf4 e5 20. dxe5 {1-0 (29) Zevenhuizen,D (1895)-Lardinois,W (1884) Borne 2013}) 8. Bb2 {The position is equal.} Qe7 9. Nc3 O-O 10. cxd5 Nxd5 11. d3 Nxc3 12. Bxc3 Nd7 13. b4 Nf6 14. Qb3+ Be6 15. Qb2 e4 16. Nd4 Bd7 17. Rfd1 Nd5 18. a3 Kh8 19. Nb3 Nxc3 20. Qxc3 Be8 (20... Be5 $5 {[%cal Re5c3]} 21. d4 Bf6 $11) 21. Rac1 Bh5 22. Rd2 Rad8 23. Qc2 ({Better is} 23. dxe4 $14 fxe4 24. Qc2) 23... exd3 $1 $11 24. Rxd3 {[#]} f4 $1 {[%mdl 512] And now ...f3 would win.} 25. Nd2 (25. Qc3 $15) (25. exf4 Bg6) 25... Be2 $17 26. Rb3 fxg3 27. hxg3 Be5 (27... Bb5 $1 $17 28. Qa2 Qf7) 28. Be4 {[#]} (28. Ne4 $11 {keeps the balance.} Bg4 29. f4) 28... Bxg3 $1 {[%mdl 512]} 29. f4 $2 {[%mdl 8192]} (29. fxg3 $17 {nothing else works.} Qf6 30. Bf5 Qxf5 31. Qxf5 Rxf5 32. Nc4) 29... Bb5 30. Nf1 Bxf1 (30... Bh4 $19 {Hoping for ...Ba4.} 31. Bxh7 Ba4) 31. Rxf1 (31. Kxf1 $17 {was necessary.} g5 32. f5) 31... Rd6 $1 $19 32. Kg2 Bh4 $1 ({Not} 32... Qh4 $2 33. Rh1 $18) 33. Kf3 Qf7 34. Ke2 Qh5+ 35. Bf3 Qb5+ 36. Rd3 Rfd8 (36... Re8 $19 {and Black stays clearly on top.} 37. Rfd1 Qf5) 37. Be4 $2 (37. Rfd1 $17 {is the only way for White.}) 37... Rxd3 38. Bxd3 Qh5+ 39. Kd2 Bf6 40. Kc1 Qh3 41. Qe2 {[#]} h6 (41... a5 $1 $17 {[%mdl 512] Strongly threatening ...axb4.} 42. Bb1 (42. bxa5 Qe6) 42... axb4 43. axb4 g6) 42. Bc2 Qe6 {...Qa2 is the strong threat.} 43. Kb1 c5 44. bxc5 Qc6 45. e4 Bd4 46. Ka2 Qxc5 47. e5 Qc3 {[%csl Gd4][%cal Rc3b2]} 48. Rb1 $1 Rc8 49. Bb3 a5 $40 {[%mdl 128] Black wants a kill.} 50. e6 Bf6 {aiming for ...Rd8.} 51. Ba4 $2 {[%mdl 8192]} (51. e7 $17 Re8 52. Qc4) 51... Be7 {[%csl Ge7][%cal Rc3a3]} 52. Rb3 Qd4 {[%mdl 64] Double Attack} 53. Bd7 {[#]} Rc1 (53... Bf6 $142 $1 {[%mdl 512]} 54. Rb2 Rc1 55. Ba4 Qxa4 56. e7 {[#]} Bxe7 $1 {[%mdl 512]} 57. Qd3 Bf6 58. f5 Rc3 59. Qxc3 Bxc3 60. Rh2 Be5 61. Rb2 Qd4 62. Rb5 Bf6 63. Rxb7 Qd5+ {[%mdl 64] Double Attack} 64. Rb3 Qd2+ 65. Kb1 Qd1+ {[%mdl 64] Double Attack} 66. Ka2 Qa1#) 54. Qb2 Qc5 55. Rb5 Qc4+ {[%mdl 64] Double Attack} 56. Qb3 Qe2+ 57. Qb2 Rc2 58. Rxb7 Rxb2+ (58... Bf6 $142 59. Rb8+ Kh7 60. Ka1 Rxb2 61. Rh8+ Kxh8 62. f5 Qf1#) 59. Rxb2 Qc4+ {[%mdl 64] Double Attack. Accuracy: White = 41%, Black = 61%.} 0-1

[Event "SRB-ch Women Semifinal 2019"]
[Site "Kragujevac"]
[Date "2019.03.11"]
[Round "6.2"]
[White "Grozdanovic, Anastasia"]
[Black "Vujcic, Milena"]
[Result "0-1"]
[WhiteElo "1635"]
[BlackElo "1958"]
[Annotator "NA RC"]
[PlyCount "78"]
[EventDate "2019.03.08"]
[EventType "swiss"]
[EventCountry "SRB"]
[SourceTitle "playchess.com"]
[Source "ChessBase"]
[SourceQuality "1"]
[TimeControl "40/5400+30:1800+30"]

1. b3 {[%emt 0:00:00]} d5 {[%emt 0:00:26]} 2. Bb2 {[%emt 0:00:00]} c5 {[%emt 0:01:37]} 3. e3 {[%emt 0:01:21]} Nc6 {[%emt 0:00:29]} 4. Bb5 {[%emt 0:02:03]} Nf6 {[%emt 0:03:13]} 5. Nf3 {[%emt 0:01:09]} g6 {[%emt 0:01:24] A06: Réti Opening:1 Nf3 d5} (5... Bd7 6. c4 a6 7. Bxc6 Bxc6 8. Ne5 Rc8 9. O-O e6 10. d3 Be7 11. Nd2 O-O 12. f4 Nd7 13. Nxc6 Rxc6 {1-0 (33) Karjakin,S (2773)-Duda,J (2737) chess.com INT 2018}) 6. O-O {[%emt 0:03:10]} Bg7 {[%emt 0:00:04]} 7. d4 {[%emt 0:02:20]} cxd4 {[%emt 0:01:02]} 8. Nxd4 $146 {[%emt 0:03:54]} ({Predecessor:} 8. Qxd4 O-O 9. Qh4 Qd7 10. c4 a6 11. Bxc6 bxc6 12. h3 h6 13. cxd5 cxd5 14. Nbd2 g5 15. Qd4 Qd6 16. Rac1 Bd7 17. Rfd1 Rac8 18. Qa7 {½-½ (18) Pivirotto,F (1866)-Graziani,M (2240) ICCF email 2009}) 8... Qc7 {[%emt 0:00:50]} 9. Nxc6 $2 {[%emt 0:03:49]} (9. Nf3 $11 {and White is okay.}) 9... bxc6 {[%emt 0:00:06]} 10. Be2 {[%emt 0:00:09]} O-O {[%emt 0:00:29]} 11. Nd2 {[%emt 0:01:52]} e5 {[%emt 0:02:54]} (11... Ng4 $5 12. Bxg4 Bxb2 $15) 12. Nf3 {[%emt 0:06:27]} (12. c4 $11) 12... Re8 {[%emt 0:05:18]} (12... Ng4 $15 13. g3 (13. h3 $2 e4 $19 {[%mdl 64] Discovered Attack}) 13... e4 14. Bxg7 Kxg7 15. Qd4+ Nf6) 13. c4 {[%emt 0:04:36]} Bb7 {[%emt 0:12:36]} 14. Qc2 {[%emt 0:05:30]} Qd6 {[%emt 0:04:47]} 15. Rfd1 {[%emt 0:05:26]} Nd7 {[%emt 0:05:05]} 16. Rac1 {[%emt 0:03:24]} Rac8 {[%emt 0:03:02]} 17. c5 {[%emt 0:04:41]} Qc7 {[%emt 0:02:10]} 18. b4 {[%emt 0:12:45]} a5 {[%emt 0:06:42]} 19. a3 {[%emt 0:03:24]} Nb8 {[%emt 0:04:40]} 20. Bc3 {[%emt 0:15:46]} axb4 {[%emt 0:00:36]} 21. axb4 {[%emt 0:00:05]} Rcd8 $14 {[%emt 0:04:09]} ({Black should play} 21... Qe7 $11) 22. Qb2 {[%emt 0:02:00]} Qe7 {[%emt 0:07:56]} 23. Rc2 {[%emt 0:03:56]} g5 {[%emt 0:11:15]} 24. Rcd2 {[%emt 0:08:20]} g4 {[%emt 0:01:07]} 25. Ne1 {[%emt 0:00:05]} d4 {[%emt 0:03:15]} 26. exd4 {[%emt 0:00:05]} exd4 {[%emt 0:00:02]} 27. Bxd4 {[%emt 0:00:46]} Bxd4 {[%emt 0:00:05]} 28. Rxd4 {[%emt 0:00:08]} Rxd4 {[%emt 0:00:09]} 29. Rxd4 {[%emt 0:00:07]} Qxe2 {[%emt 0:00:13]} 30. Qxe2 {[%emt 0:00:10]} Rxe2 {[%emt 0:00:03]} 31. Rd8+ {[%emt 0:00:16]} Kg7 {[%emt 0:00:06]} 32. Kf1 {[%emt 0:00:04]} Ba6 {[%emt 0:00:34]} 33. Nd3 {[%emt 0:00:47]} Bxd3 {[%emt 0:00:08]} 34. Rxd3 {[%emt 0:00:02]} Rb2 {[%emt 0:00:14]} 35. Rd4 {[%emt 0:00:06]} h5 {[%emt 0:00:06]} 36. h3 {[%emt 0:00:33]} gxh3 {[%emt 0:00:04]} 37. gxh3 {[%emt 0:00:04]} Na6 {[%emt 0:00:09]} 38. Kg2 {[%emt 0:00:39]} Rxb4 {[%emt 0:00:15]} 39. Rd6 {[%emt 0:01:06]} Nb8 {[%emt 0:00:03]} 0-1

[Event "SRB-ch Women Semifinal 2019"]
[Site "Kragujevac"]
[Date "2019.03.11"]
[Round "6.3"]
[White "Nestorovic, Katarina"]
[Black "Benderac, Ana"]
[Result "1/2-1/2"]
[WhiteElo "2040"]
[BlackElo "2204"]
[Annotator "TA"]
[PlyCount "18"]
[EventDate "2019.03.08"]
[EventType "swiss"]
[EventCountry "SRB"]
[SourceTitle "playchess.com"]
[Source "ChessBase"]
[SourceQuality "1"]

{[%evp 11,18,54,69,23,35,21,44,6,15]} 1. e4 d5 2. exd5 Qxd5 3. Nc3 Qd8 4. d4 c6 5. Nf3 Nf6 6. Bc4 Bf5 7. O-O {B01: Scandinavian Defence} e6 8. h3 (8. Bd3 Bg6 9. Bf4 Nbd7 10. Ne2 Nh5 11. Be3 Bd6 12. c4 Nhf6 13. Ng3 Bxd3 14. Qxd3 O-O 15. Ne4 Nxe4 16. Qxe4 h6 17. Rfd1 Qf6 18. h3 Rfe8 19. Rac1 Rad8 20. Qc2 {½-½ (20) Alekseev,E (2653)-Usmanov,V (2462) Sochi 2015}) 8... Be7 9. Bd3 $146 ({Predecessor:} 9. Nh4 Be4 10. Nxe4 Nxe4 11. Nf3 Nd7 12. Qe2 Nd6 {1-0 (34) Lingur,Z (2126)-Petrova,O (2176) Sochi 2015}) 9... Bxd3 1/2-1/2

[Event "SRB-ch Women Semifinal 2019"]
[Site "Kragujevac"]
[Date "2019.03.11"]
[Round "6.4"]
[White "Gajcin, Marina"]
[Black "Blagojevic, Tijana"]
[Result "1/2-1/2"]
[WhiteElo "2244"]
[BlackElo "2206"]
[Annotator "TA"]
[PlyCount "68"]
[EventDate "2019.03.08"]
[EventType "swiss"]
[EventCountry "SRB"]
[SourceTitle "playchess.com"]
[Source "ChessBase"]
[SourceQuality "1"]

{[%evp 12,68,-56,-59,-31,-40,-45,-37,-30,-34,-32,-50,-43,-75,-73,-53,-48,-46,-8,0,0,-65,-11,-62,-67,-72,-43,-66,-54,-47,-71,-72,-49,-96,-102,-370,-389,-717,-80,-62,0,0,0,-50,-50,-41,-54,-52,-8,-8,0,0,0,0,0,0,0,0,8]} 1. e4 c5 2. d4 cxd4 3. c3 dxc3 4. Nxc3 a6 5. Bc4 e6 6. a4 Nc6 7. Nf3 Nge7 {B21: Sicilian: 2 f4 and Morra Gambit} 8. O-O (8. h4 Ng6 9. h5 Nge5 10. Nxe5 Nxe5 11. Ba2 Bc5 12. f4 Nc6 13. h6 Rg8 14. e5 Bb4 15. Qg4 {0-1 (48) Kamsky,G (2705)-Andreikin,D (2509) playchess.com INT 2007}) 8... Ng6 9. Be3 Be7 {Black is slightly better.} 10. Qe2 O-O 11. Rfd1 b6 12. Nd4 {[#] Strongly threatening Nxc6.} Qc7 13. Rac1 Nxd4 $146 ({Predecessor:} 13... Bb7 14. Ba2 Rac8 15. Nxc6 dxc6 {0-1 (27) Spacek,O (1945)-Dobes,V (2060) Istanbul 2012}) 14. Bxd4 Bc5 15. Qe3 Bb7 16. Ne2 (16. Bf1 $1 $11) 16... Bxd4 ({Better is} 16... Rfc8 $15) 17. Qxd4 (17. Rxd4 $11 Bc6 18. b4) 17... Bc6 18. b4 Qb7 ({But not} 18... Bxa4 19. Bb5 $11) 19. Nc3 {Threatens to win with b5.} b5 20. axb5 axb5 21. Bf1 f5 {[%cal Rf5e4]} 22. e5 f4 23. Qc5 $2 {[%mdl 8192]} (23. f3 $17) 23... Rf5 $19 {White must now prevent ...Rg5.} 24. Bxb5 $2 (24. f3 Nxe5 25. Qf2) 24... Nxe5 $2 (24... Bxg2 $19 {and Black stays clearly on top.} 25. Rxd7 Qf3) 25. Bxc6 $17 dxc6 (25... Nxc6 $15 26. Qd6 Ne5) 26. Qd6 $11 Qf7 27. Qd8+ Rxd8 28. Rxd8+ {[#]} Qf8 $1 {[%cal Rf8d8]} 29. Rxf8+ Kxf8 $15 {KRN-KRN} 30. Ne2 {The position is equal.} Ke7 31. Nd4 Rf8 32. Nxc6+ Nxc6 33. Rxc6 Ra8 {( -> ...Ra1+)} 34. Rc1 Ra2 {Accuracy: White = 45%, Black = 45%.} 1/2-1/2

[Event "SRB-ch Women Semifinal 2019"]
[Site "Kragujevac"]
[Date "2019.03.12"]
[Round "7.1"]
[White "Benderac, Ana"]
[Black "Gajcin, Marina"]
[Result "1/2-1/2"]
[WhiteElo "2204"]
[BlackElo "2244"]
[Annotator "TA"]
[PlyCount "27"]
[EventDate "2019.03.08"]
[EventType "swiss"]
[EventCountry "SRB"]
[SourceTitle "playchess.com"]
[Source "ChessBase"]
[SourceQuality "1"]

{[%evp 10,18,10,-20,-15,7,15,-52,-8,-19,-13]} 1. d4 Nf6 2. Nf3 g6 3. g3 Bg7 4. Bg2 O-O 5. O-O d5 6. Bg5 Ne4 {D02: 1 d4 d5 2 Nf3 sidelines, including 2...Nf6 3 g3 and 2...Nf6 3 Bf4} (6... c5 7. c3 cxd4 8. cxd4 Nc6 9. Bxf6 Bxf6 10. Nc3 Bg4 11. e3 Qd7 12. Rc1 Rad8 13. Qb3 Bxf3 14. Bxf3 {½-½ (61) Moradiabadi,E (2586)-Safarli,E (2649) Dubai 2014}) 7. Bf4 c5 8. c3 (8. c4 $1 $11) 8... cxd4 9. cxd4 Nc6 {Predecessor:} 10. Nc3 $146 Nxc3 11. bxc3 Na5 12. Re1 h6 13. Ne5 Be6 14. Qa4 {½-½ (39) Bodi,T (2164)-Bea,B (2109) Hungary 2011} 1/2-1/2